000 00301nam a22001337a 4500
008 171025b xxu||||| |||| 00| 0 eng d
020 _a9781285181516
041 _aeng
080 _a336.2
100 _a55
101 _aTAK
245 _aTAXATION OF BUSINESS ENTITIES
_c SMITH,J.E
942 _2udc
_cBK
999 _c35863
_d35863